Strategies for the search for life in the universe (Record no. 6769)

MARC details
000 -LEADER
fixed length control field 00955nam a2200205Ia 4500
003 - CONTROL NUMBER IDENTIFIER
control field IN-BaIIA
008 - FIXED-LENGTH DATA ELEMENTS--GENERAL INFORMATION
fixed length control field 211028s9999 xx 000 0 eng d
020 ## - INTERNATIONAL STANDARD BOOK NUMBER
International Standard Book Number 90-277-1181-X
040 ## - CATALOGING SOURCE
Transcribing agency IIA Library
080 ## - UNIVERSAL DECIMAL CLASSIFICATION NUMBER
Universal Decimal Classification number 52(082.1)
Item number ASS-83
111 ## - MAIN ENTRY--MEETING NAME
Meeting name or jurisdiction name as entry element Joint Session of Commissions 16, 40, and 44, on Strategies for the Search for Life in the Universe
Location of meeting Montral,Canada
Date of meeting or treaty signing 1979 Aug. 15-16
9 (RLIN) 11597
245 #0 - TITLE STATEMENT
Title Strategies for the search for life in the universe
Remainder of title proceedings of a joint session of comMissions 16, 40, and 44, on strategies for the search for life in the universe, held in Montreal, Canada, 15 and 16 August, 1979
Statement of responsibility, etc. edited by M. D. Papagiannis
260 ## - PUBLICATION, DISTRIBUTION, ETC.
Place of publication, distribution, etc. Dordrecht
Name of publisher, distributor, etc. D. Reidel Publishing
Date of publication, distribution, etc. 1980
300 ## - PHYSICAL DESCRIPTION
Extent [various pagings.]
650 ## - SUBJECT ADDED ENTRY--TOPICAL TERM
Topical term or geographic name entry element Astronomy
9 (RLIN) 80
650 ## - SUBJECT ADDED ENTRY--TOPICAL TERM
Topical term or geographic name entry element Astronomy and Astrophysics thesaurus
650 ## - SUBJECT ADDED ENTRY--TOPICAL TERM
Topical term or geographic name entry element Extraterrestrial life
9 (RLIN) 4250
700 ## - ADDED ENTRY--PERSONAL NAME
Personal name Papagiannis, M. D., ed.
9 (RLIN) 11598
942 ## - ADDED ENTRY ELEMENTS (KOHA)
Koha item type Books
Holdings
Withdrawn status Lost status Damaged status Not for loan Home library Current library Shelving location Date acquired Total Checkouts Full call number Barcode Date last seen Price effective from Koha item type Purchase Price
        IIA Library-Bangalore IIA Library-Bangalore General Stacks 23/06/1981   52(082.1)/ ASS-83 7528 05/11/2021 23/06/1981 Books DFL 75.00

Powered by Koha